Central Library OPAC University of Rajshahi

Soldiers from Judaea : (Record no. 27459)

MARC details
000 -LEADER
fixed length control field 00949cam a22002771 4500
001 - CONTROL NUMBER
control field 27459
003 - CONTROL NUMBER IDENTIFIER
rucl marc code BD-RjUL
005 - DATE AND TIME OF LATEST TRANSACTION
control field 20211209051146.0
008 - FIXED-LENGTH DATA ELEMENTS--GENERAL INFORMATION
fixed length control field 140325t1944 enk 000 0 eng d
035 ## - SYSTEM CONTROL NUMBER
System control number (BD-RjUL)27533
System control number (OCoLC)4369534
040 ## - CATALOGING SOURCE
Original cataloging agency DLC
Transcribing agency DeU
Modifying agency DLC
-- BD-RjUL
Language of cataloging eng
041 ## - LANGUAGE CODE
Language code of text/sound track or separate title eng
082 00 - DEWEY DECIMAL CLASSIFICATION NUMBER
Classification number 940.5404
Author mark and year RAS 1944
100 1# - MAIN ENTRY--PERSONAL NAME
Personal name Rabinowitz, Louis I.
Fuller form of name (Louis Isaac),
Dates associated with a name 1906-1984.
9 (RLIN) 84359
245 10 - TITLE STATEMENT
Title Soldiers from Judaea :
Remainder of title Palestinian Jewish units in the Middle East, 1941-1943 /
Statement of responsibility, etc. by Rabbi I. Barinowitz ... with an introduction by James Parkes ...
260 ## - PUBLICATION, DISTRIBUTION, ETC. (IMPRINT)
Place of publication, distribution, etc. London :
Name of publisher, distributor, etc. V. Gollancz Ltd.,
Date of publication, distribution, etc. c1944.
300 ## - PHYSICAL DESCRIPTION
Pagination 79 p. :
Illustrations ill. ;
Size 19 cm.
650 #0 - SUBJECT ADDED ENTRY--TOPICAL TERM
Topical term or geographic name as entry element World War, 1939-1945
General subdivision Jews.
9 (RLIN) 84360
Topical term or geographic name as entry element World War, 1939-1945
Geographic subdivision Palestine.
9 (RLIN) 84361
Topical term or geographic name as entry element World War, 1939-1945
Geographic subdivision Middle East.
9 (RLIN) 84362
700 1# - ADDED ENTRY--PERSONAL NAME
Personal name Parkes, James
942 ## - ADDED ENTRY ELEMENTS (KOHA)
Source of classification or shelving scheme Dewey Decimal Classification
Koha item type Books
Holdings
Lost status Source of classification or shelving scheme Damaged status Not for loan Collection code Permanent Location Current Location Shelving location Date acquired Source of acquisition Cost, normal purchase price Total Checkouts Full call number Date last seen Copy number Koha item type
  Dewey Decimal Classification   Added to bundle Non-fiction Central Library, University of Rajshahi Central Library, University of Rajshahi Reading Room 09/11/1966 A. I Quraishi 2.34   940.5404 RAS 1944 25/03/2014 C-1 Books